000
00292nam a2200097Ia 4500
008
220214s9999 xx 000 0 und d
245
2
_a
A Process for extending the life of coconut leaf thatch
260
_b
Article published by CSIR Regional Laboratory, Trivandrum
300
_a
6p
942
_c
RE
999
_c
46432
_d
46432